01199nam a22002297a 4500003001700000005001700017008004100034020001800075040000700093041001200100082001400112100002000126245003900146250000600185260002600191300002700217365006100244520058500305650003100890700002000921700002800941St Aloysius Coll20260227172219.0260227b |||||||| |||| 00| 0 eng d a9781292738611 cAL aEnglish a301bCURS aTimothy J Curry aSociologyb: evidence and insights a1 aLondonbPearsonc2025 a575p.bPBc27.4x21.5cm 2Generala6279b₹5668.00c₹d₹7266e22%f23/02/2026 aociology: Evidence and Insights guides students to analyze society through a combination of data and classic and contemporary sociological perspectives. In today's era of "alternative facts" and "fake news," authors Timothy Curry, Robert Jiobu and Cynthia Fabrizio Pelak give students the tools to distinguish between sociological insights and claims not supported by data. By prompting readers to make evidence-based arguments from different sociological perspectives, the text empowers students to bridge the great political and social divides that characterize our world today. 2Social SciencesaSociology aJiobu, Robert M aPelak, Cynthia Fabrizio